[Event "European Blitz 2017"]
[Site "Katowice POL"]
[Date "2017.12.15"]
[Round "9.14"]
[White "Kazakovskiy, Valeriy"]
[Black "Wojtaszek, Radoslaw"]
[Result "0-1"]
[WhiteTitle "IM"]
[BlackTitle "GM"]
[WhiteElo "2422"]
[BlackElo "2736"]
[WhiteFideId "13507443"]
[BlackFideId "1118358"]
[EventDate "2017.12.15"]
[EventType "blitz"]

1. d4 Nf6 2. Nf3 g6 3. c4 Bg7 4. g3 b6 5. Bg2 Bb7 6. O-O O-O 7. b3 c5 8. Bb2
cxd4 9. Nxd4 Bxg2 10. Kxg2 d5 11. cxd5 Qxd5+ 12. Nf3 Qb7 13. Na3 Nc6 14. Rc1 Nb4
15. Qd2 a5 16. Be5 Nc6 17. Bxf6 Bxf6 18. Qd5 Rac8 19. Nb5 Rfd8 20. Qe4 Qd7 21.
a3 Nb8 22. a4 Rxc1 23. Rxc1 Na6 24. Qc6 Nc5 25. Qxb6 Nxb3 26. Rc7 Qd5 27. Qc6 g5
28. Qxd5 Rxd5 29. e4 Rc5 30. Rxc5 Nxc5 31. e5 Bg7 32. Nxg5 Bxe5 33. Nf3 Bf6 34.
Nd2 Nxa4 35. Nc4 Nc3 36. Nc7 a4 37. Na6 Bd4 38. Nb4 e6 39. f4 Bc5 40. Nc2 Kf8
41. Kf3 Ke7 42. g4 Nb5 43. Ke4 Nd6+ 44. Kd3 Nxc4 45. Kxc4 Bd6 46. Kb5 a3 47. h4
a2 48. Kc4 Bxf4 49. Kb3 Bg3 50. h5 Kf6 51. Kxa2 Ke5 0-1

[Event "European Blitz 2017"]
[Site "Katowice POL"]
[Date "2017.12.15"]
[Round "9.16"]
[White "Saric, Ivan"]
[Black "Kuzmicz, Krystian"]
[Result "1-0"]
[WhiteTitle "GM"]
[BlackTitle "IM"]
[WhiteElo "2669"]
[BlackElo "2460"]
[WhiteFideId "14508150"]
[BlackFideId "1119125"]
[EventDate "2017.12.15"]
[EventType "blitz"]

1. e4 c5 2. Nf3 Nc6 3. Bb5 a6 4. Bxc6 dxc6 5. h3 e5 6. O-O Qc7 7. d3 Bd6 8. a4
a5 9. Na3 Ne7 10. Nc4 Ng6 11. Be3 O-O 12. Nxd6 Qxd6 13. Nd2 Be6 14. Nc4 Qe7 15.
b3 f5 16. exf5 Rxf5 17. Qe2 Bd5 18. f3 Qf8 19. Bd2 Qd8 20. Rae1 b5 21. Ne3 Nf4
22. Qf2 Rg5 23. Kh2 h5 24. g3 Qf6 25. Nxd5 Nxd5 26. Bxg5 Qxg5 27. axb5 cxb5 28.
Qxc5 Rd8 29. h4 Qf5 30. Rf2 g5 31. c4 gxh4 32. Rg1 Nf6 33. gxh4+ Kh8 34. Qe7
Qf4+ 35. Kh1 Qxh4+ 36. Rh2 1-0

[Event "European Blitz 2017"]
[Site "Katowice POL"]
[Date "2017.12.15"]
[Round "9.17"]
[White "Pulpan, Jakub"]
[Black "Ragger, Markus"]
[Result "1/2-1/2"]
[WhiteTitle "IM"]
[BlackTitle "GM"]
[WhiteElo "2400"]
[BlackElo "2657"]
[WhiteFideId "302759"]
[BlackFideId "1610856"]
[EventDate "2017.12.15"]
[EventType "blitz"]

1. e4 e5 2. Nf3 Nc6 3. Bc4 Nf6 4. Ng5 d5 5. exd5 Na5 6. Bb5+ c6 7. dxc6 bxc6 8.
Bd3 Nd5 9. Nf3 Bd6 10. O-O Nf4 11. Re1 Nxd3 12. cxd3 O-O 13. Nc3 Re8 14. b3 c5
15. Ne4 Bf8 16. Ba3 Nc6 17. Rc1 Nb4 18. Bxb4 cxb4 19. d4 exd4 20. Rc4 Bb7 21.
Rxd4 Qa5 22. Qb1 Rad8 23. Rxd8 Rxd8 24. Neg5 g6 25. d4 h6 26. Ne4 Bg7 27. h3 Qf5
28. Nc5 Qxb1 29. Rxb1 Bxf3 30. gxf3 Rxd4 31. Re1 Rd2 32. Re8+ Kh7 33. Re7 Bd4
34. Rxf7+ Kg8 35. Rc7 Bxf2+ 36. Kf1 Rxa2 37. Ne6 Bb6 38. Rg7+ Kh8 39. Rxg6 Rf2+
40. Ke1 Rxf3 41. Rxh6+ Kg8 42. Rg6+ Kh8 43. Rh6+ Kg8 44. Rg6+ Kh8 45. Rh6+ Kg8
46. Rg6+ 1/2-1/2

[Event "European Blitz 2017"]
[Site "Katowice POL"]
[Date "2017.12.15"]
[Round "9.18"]
[White "Licznerski, Lukasz"]
[Black "Plat, Vojtech"]
[Result "0-1"]
[WhiteTitle "FM"]
[BlackTitle "GM"]
[WhiteElo "2267"]
[BlackElo "2567"]
[WhiteFideId "1179250"]
[BlackFideId "325740"]
[EventDate "2017.12.15"]
[EventType "blitz"]

1. e4 c5 2. Nf3 Nc6 3. Nc3 g6 4. d4 cxd4 5. Nxd4 Bg7 6. Nb3 Nf6 7. Be2 O-O 8.
O-O d6 9. Re1 Be6 10. Bf1 Rc8 11. Nd5 Ne5 12. c3 Nxd5 13. exd5 Bg4 14. Be2 Bxe2
15. Rxe2 Qd7 16. h3 Nc4 17. Bg5 Rfe8 18. Qd3 h6 19. Bf4 Qa4 20. Nd4 Nxb2 21.
Rxb2 Rxc3 22. Qxc3 Bxd4 23. Qb3 Qxb3 24. Rxb3 Bxa1 25. Rxb7 a5 26. Bd2 a4 27.
Bxh6 Rc8 28. Ra7 Rc4 29. Be3 Bf6 30. g4 g5 31. Kg2 Kg7 32. Kf3 Kg6 33. Kg2 0-1

[Event "European Blitz 2017"]
[Site "Katowice POL"]
[Date "2017.12.15"]
[Round "9.19"]
[White "Kaleta, Blazej"]
[Black "Fridman, Daniel"]
[Result "1/2-1/2"]
[BlackTitle "GM"]
[WhiteElo "2110"]
[BlackElo "2633"]
[WhiteFideId "1170252"]
[BlackFideId "11600454"]
[EventDate "2017.12.15"]
[EventType "blitz"]

1. d4 d5 2. c4 e6 3. Nc3 Nf6 4. e3 a6 5. a3 Be7 6. Nf3 O-O 7. b4 b6 8. c5 Bb7 9.
Bb2 Nbd7 10. Be2 Ne4 11. O-O f5 12. Qc2 bxc5 13. dxc5 c6 14. Nd4 Rf6 15. f3 Nxc3
16. Bxc3 Rh6 17. Bd3 g6 18. Nxe6 Qe8 19. Rae1 Qf7 20. Nd4 Bf6 21. g3 Re8 22. f4
Qg7 23. Rf2 Nf8 24. Rfe2 Rh5 25. Bb2 Nd7 26. Nf3 Bc8 27. Bxf6 Nxf6 28. Ne5 Rxe5
29. fxe5 Ng4 30. Rg2 Qxe5 31. Qd2 Rh3 32. Bf1 Nf6 33. Qd4 Qe7 34. Rf2 Rh5 35.
Be2 Rh3 36. Bf1 Rh6 37. Rf4 g5 38. Rf3 Ng4 39. Re2 Ne5 40. Rff2 Rg6 41. Bh3 Rf6
42. Re1 h5 43. Ref1 g4 44. Bg2 Rh6 45. Rxf5 Bxf5 46. Rxf5 Nf7 47. e4 dxe4 48.
Bxe4 Ng5 49. Bd3 Re6 50. Kg2 Nf3 51. Qf2 Re1 52. Rxf3 gxf3+ 53. Qxf3 Qe3 54.
Qxe3 Rxe3 55. Bxa6 Rxa3 56. Bb7 Rb3 57. Bxc6 Rxb4 58. Bf3 Rb2+ 59. Kh3 Rf2 60.
Bxh5 Rf5 61. Bg4 Rxc5 62. Kh4 Kg7 63. h3 Kh6 64. Be6 Re5 65. Bd7 Re7 66. Bf5 Re3
67. g4 Rf3 68. g5+ Kg7 69. Bg4 Re3 70. Kh5 Re8 71. Bf5 Rf8 72. Kg4 Rd8 73. h4
Rd4+ 74. Kh5 Rf4 75. Be6 Rd4 76. Bf5 Rf4 77. Bd3 Rd4 78. Be2 Re4 79. Bg4 Rd4 80.
Bf5 Rf4 1/2-1/2

[Event "European Blitz 2017"]
[Site "Katowice POL"]
[Date "2017.12.15"]
[Round "9.20"]
[White "Pavlidis, Antonios"]
[Black "Krejci, Jan2"]
[Result "1/2-1/2"]
[WhiteTitle "GM"]
[BlackTitle "GM"]
[WhiteElo "2539"]
[BlackElo "2570"]
[WhiteFideId "4212312"]
[BlackFideId "322156"]
[EventDate "2017.12.15"]
[EventType "blitz"]

1. e4 e5 2. Nf3 Nc6 3. Bb5 a6 4. Ba4 Nf6 5. O-O Be7 6. d3 b5 7. Bb3 d6 8. a3 O-O
9. Nc3 Bg4 10. Be3 Nd4 11. Bxd4 exd4 12. Nd5 Nxd5 13. Bxd5 Rc8 14. Bc6 Bf6 15.
a4 Bd7 16. axb5 axb5 17. Bxd7 Qxd7 18. Qd2 c5 19. Ra6 Rfe8 20. h3 d5 21. exd5
Qxd5 22. b3 c4 23. bxc4 bxc4 24. Re1 Rxe1+ 25. Qxe1 cxd3 26. cxd3 Qb5 27. Ra3
Qb2 28. Ra1 h6 29. Nd2 Qc2 30. Ne4 Qxd3 31. Nxf6+ gxf6 32. Rd1 Qc4 33. Qe4 d3 1/2-1/2

[Event "European Blitz 2017"]
[Site "Katowice POL"]
[Date "2017.12.15"]
[Round "9.21"]
[White "Dobrowolski, Piotr"]
[Black "Saric, Ante"]
[Result "1-0"]
[WhiteTitle "IM"]
[BlackTitle "GM"]
[WhiteElo "2421"]
[BlackElo "2540"]
[WhiteFideId "1106236"]
[BlackFideId "14506254"]
[EventDate "2017.12.15"]
[EventType "blitz"]

1. e4 d5 2. exd5 Nf6 3. Nf3 Bg4 4. Bb5+ Nbd7 5. Nc3 a6 6. Ba4 b5 7. Bb3 Nb6 8.
a4 b4 9. a5 Nbxd5 10. Nxd5 Nxd5 11. Ne5 e6 12. Ba4+ Ke7 13. Nc6+ Kf6 14. Qxg4
Qd6 15. d4 h6 16. Ne5 Ke7 17. Nc6+ Kf6 18. Qf3+ Kg6 19. Ne5+ Kh7 20. Nxf7 Qe7
21. Nxh8 Kxh8 22. Bc6 Rd8 23. Bxd5 Rxd5 24. Be3 1-0

[Event "European Blitz 2017"]
[Site "Katowice POL"]
[Date "2017.12.15"]
[Round "9.22"]
[White "Gazik, Viktor"]
[Black "Ponkratov, Pavel"]
[Result "0-1"]
[WhiteTitle "IM"]
[BlackTitle "GM"]
[WhiteElo "2479"]
[BlackElo "2613"]
[WhiteFideId "14928752"]
[BlackFideId "4157800"]
[EventDate "2017.12.15"]
[EventType "blitz"]

1. Nf3 c5 2. g3 Nc6 3. Bg2 g6 4. O-O Bg7 5. c4 e6 6. Nc3 Nge7 7. d3 O-O 8. a3 b6
9. e4 Bb7 10. Be3 Nd4 11. Bxd4 cxd4 12. Ne2 Nc6 13. b4 e5 14. Nd2 f5 15. f4 exf4
16. Nxf4 Ne5 17. Qb3 Kh8 18. exf5 Bxg2 19. Nxg2 gxf5 20. Nf3 Ng4 21. Rae1 Qf6
22. h3 Ne3 23. Nxe3 dxe3 24. Rxe3 f4 25. Ree1 fxg3 26. d4 Rae8 27. Rxe8 Rxe8 28.
Ne5 Qh4 29. Nf7+ Kg8 30. c5 Bxd4+ 31. Kg2 Re2+ 0-1

[Event "European Blitz 2017"]
[Site "Katowice POL"]
[Date "2017.12.15"]
[Round "9.24"]
[White "Horton, Andrew P"]
[Black "Hracek, Zbynek"]
[Result "1/2-1/2"]
[WhiteTitle "FM"]
[BlackTitle "GM"]
[WhiteElo "2397"]
[BlackElo "2592"]
[WhiteFideId "424269"]
[BlackFideId "300071"]
[EventDate "2017.12.15"]
[EventType "blitz"]

1. Nf3 c5 2. c4 Nc6 3. g3 g6 4. Bg2 Bg7 5. Nc3 Nh6 6. d4 cxd4 7. Bxh6 Bxh6 8.
Nxd4 Bg7 9. e3 O-O 10. O-O Rb8 11. b3 a6 12. Rc1 Nxd4 13. exd4 d6 14. Re1 h5 15.
Nd5 e6 16. Nc3 Bd7 17. Ne4 Bc6 18. d5 exd5 19. cxd5 Bd7 20. h3 Bf5 21. Qd2 Re8
22. Qb4 Qd7 23. Kh2 Bxe4 24. Rxe4 Rxe4 25. Bxe4 h4 26. g4 Be5+ 27. Kg2 Qe7 28.
Bf3 Kg7 29. Qb6 Qf6 30. Rc4 Bf4 31. Re4 Be5 32. Qc7 Qd8 33. Rc4 Qxc7 34. Rxc7
Bd4 35. Rc4 Be5 36. Kf1 Kf6 37. Ke2 Re8 38. Kd3 Re7 39. a4 Kg5 40. Re4 Bf6 41.
Rxe7 1/2-1/2

[Event "European Blitz 2017"]
[Site "Katowice POL"]
[Date "2017.12.15"]
[Round "9.25"]
[White "Tokranovs, Dmitrijs"]
[Black "Chigaev, Maksim"]
[Result "0-1"]
[WhiteTitle "FM"]
[BlackTitle "GM"]
[WhiteElo "2348"]
[BlackElo "2555"]
[WhiteFideId "11603011"]
[BlackFideId "4108116"]
[EventDate "2017.12.15"]
[EventType "blitz"]

1. e4 c5 2. c3 Qa5 3. Nf3 d6 4. Na3 Nf6 5. e5 dxe5 6. Nc4 Qc7 7. Ncxe5 Nbd7 8.
d4 cxd4 9. cxd4 e6 10. Bd3 Bb4+ 11. Bd2 Bxd2+ 12. Qxd2 O-O 13. O-O Nb6 14. Rac1
Qd8 15. Rfd1 Nbd5 16. a3 Bd7 17. Nxd7 Qxd7 18. h3 Rac8 19. Ne5 Qd6 20. Qa5 Qb6
21. Qxb6 Nxb6 22. Be2 Rxc1 23. Rxc1 Rc8 24. Rxc8+ Nxc8 25. Bf3 Nd6 26. Kf1 Kf8
27. Ke2 Ke7 28. Kd3 Nd7 29. Ng4 h5 30. Ne3 h4 31. g3 hxg3 32. fxg3 f5 33. g4 g6
34. h4 e5 35. gxf5 gxf5 36. dxe5 Nxe5+ 37. Ke2 Kf6 38. Nd5+ Kg6 39. Nf4+ Kf6 40.
Nd5+ Kg6 41. Nf4+ Kh6 42. b3 b6 43. a4 Ne8 44. Bd5 Nc7 45. Bg2 Na6 46. Bd5 Nc5
47. Ke3 a5 48. Ne2 Ng6 49. Nd4 Nxh4 50. Kf4 Nd3+ 51. Kg3 Kh5 52. Bf7+ Kg5 53.
Bc4 f4+ 54. Kh3 Ne5 55. Ne6+ Kf5 56. Nc7 Nxc4 57. bxc4 Nf3 58. Nd5 Nd2 59. Nxb6
Ke4 60. Kg2 Ke3 61. Nd5+ Ke4 62. Nb6 Kd4 63. Kf2 Nxc4 64. Nd7 Ne5 65. Nb6 Kc5
66. Nc8 Kb4 67. Nb6 Kc5 68. Nc8 Kc6 69. Na7+ Kb6 70. Nc8+ Kc5 71. Ne7 Kb4 72.
Nd5+ Kxa4 73. Nxf4 Kb3 74. Ne6 Nd7 75. Ke2 a4 76. Kd2 a3 77. Nd4+ Kb2 78. Nc2 a2
79. Kd1 Nb6 80. Na1 Nd5 81. Kd2 Nb4 82. Kd1 Nc6 83. Kd2 Nd4 84. Kd1 Nb3 85. Nc2
Kc3 0-1

[Event "European Blitz 2017"]
[Site "Katowice POL"]
[Date "2017.12.15"]
[Round "9.26"]
[White "Castellanos Rodriguez, Renier"]
[Black "Stocek, Jiri"]
[Result "1-0"]
[WhiteTitle "IM"]
[BlackTitle "GM"]
[WhiteElo "2501"]
[BlackElo "2566"]
[WhiteFideId "3404650"]
[BlackFideId "304760"]
[EventDate "2017.12.15"]
[EventType "blitz"]

1. e4 c5 2. Nf3 e6 3. d4 cxd4 4. Nxd4 a6 5. Bd3 Nf6 6. O-O Qc7 7. Qe2 d6 8. c4
Nbd7 9. f4 e5 10. Nf3 Be7 11. Nc3 b6 12. Kh1 Bb7 13. b3 b5 14. Nd5 Nxd5 15. cxd5
Bf6 16. f5 g6 17. Bg5 gxf5 18. Bxf6 Nxf6 19. Nh4 fxe4 20. Rxf6 exd3 21. Qxd3
O-O-O 22. a4 b4 23. Qd2 Qa5 24. Nf5 Kb8 25. Rd1 Qc5 26. Ne3 Rd7 27. Nc4 Rg8 28.
Qf2 Bxd5 29. Nb6 Rxg2 30. Nxd7+ Kc7 31. Qxc5+ dxc5 32. Rxd5 Rc2 33. Rxc5+ 1-0

[Event "European Blitz 2017"]
[Site "Katowice POL"]
[Date "2017.12.15"]
[Round "9.27"]
[White "Meskovs, Nikita"]
[Black "Jakubowski, Krzysztof"]
[Result "1-0"]
[WhiteTitle "GM"]
[BlackTitle "GM"]
[WhiteElo "2538"]
[BlackElo "2526"]
[WhiteFideId "11602740"]
[BlackFideId "1112848"]
[EventDate "2017.12.15"]
[EventType "blitz"]

1. d4 Nf6 2. c4 e6 3. Nf3 d5 4. g3 Bb4+ 5. Bd2 Be7 6. Bg2 O-O 7. O-O c6 8. Bf4
Nbd7 9. Nc3 b6 10. Rc1 Bb7 11. cxd5 cxd5 12. Nb5 Ne8 13. Qd3 a6 14. Nc7 Rc8 15.
Nxa6 Rxc1 16. Rxc1 Qa8 17. Nc7 Qxa2 18. Nxe8 Rxe8 19. Qb5 Nf6 20. Qxb6 Ba6 21.
Bf1 Bc4 22. Ne5 h6 23. Nxc4 dxc4 24. Qb5 Rc8 25. e3 Nd5 26. Qb7 Rf8 27. Bxc4 1-0

[Event "European Blitz 2017"]
[Site "Katowice POL"]
[Date "2017.12.15"]
[Round "9.28"]
[White "Warakomski, Tomasz"]
[Black "De Filomeno, Simone"]
[Result "1-0"]
[WhiteTitle "GM"]
[BlackTitle "IM"]
[WhiteElo "2537"]
[BlackElo "2429"]
[WhiteFideId "1124552"]
[BlackFideId "828688"]
[EventDate "2017.12.15"]
[EventType "blitz"]

1. e4 c5 2. Nf3 Nc6 3. Bb5 Nf6 4. e5 Ng4 5. Bxc6 dxc6 6. d3 g6 7. Bf4 Bg7 8. Qd2
f6 9. exf6 exf6 10. O-O O-O 11. h3 Ne5 12. Nxe5 fxe5 13. Bg5 Qb6 14. Nc3 c4 15.
dxc4 Bf5 16. b3 Rae8 17. Rad1 e4 18. Na4 Qc7 19. Qe3 b6 20. Nc3 Qe5 21. Ne2 Qb2
22. Nd4 c5 23. Nb5 Qxa2 24. Rd2 a6 25. Nd6 Re6 26. Rfd1 Bd4 27. Rxd4 cxd4 28.
Qxd4 Qxc2 29. Bh6 Rf7 30. Nxf7 Kxf7 31. Qg7+ Ke8 32. Qf8# 1-0

[Event "European Blitz 2017"]
[Site "Katowice POL"]
[Date "2017.12.15"]
[Round "9.29"]
[White "Tomczak, Jacek"]
[Black "Putka, Verners"]
[Result "1-0"]
[WhiteTitle "GM"]
[WhiteElo "2588"]
[BlackElo "2307"]
[WhiteFideId "1124668"]
[BlackFideId "11600659"]
[EventDate "2017.12.15"]
[EventType "blitz"]

1. e4 e5 2. Nf3 Nf6 3. Nxe5 d6 4. Nf3 Nxe4 5. Bd3 Nf6 6. O-O Be7 7. h3 O-O 8. c3
b6 9. Bc2 Bb7 10. d4 Nbd7 11. Bf4 Re8 12. Nbd2 Bf8 13. Bd3 Nd5 14. Bh2 N7f6 15.
c4 Nb4 16. Bb1 d5 17. b3 c5 18. Be5 cxd4 19. Bxd4 Rc8 20. cxd5 Nbxd5 21. Nc4 Nf4
22. Be3 Qxd1 23. Rxd1 Bxf3 24. gxf3 Ne2+ 25. Kf1 Nc3 26. Rd3 Ncd5 27. a4 g6 28.
Bc2 Nb4 29. Rd2 Nxc2 30. Rxc2 Nd5 31. Rd1 Nxe3+ 32. fxe3 Bc5 33. e4 Re7 34. Rcd2
Kg7 35. Rd7 Rc7 36. Rxe7 Rxe7 37. Rd5 f6 38. Ke2 h5 39. Kd3 h4 40. Kc3 f5 41. b4
Bf2 42. exf5 gxf5 43. Rxf5 Be1+ 44. Kb3 Re2 45. Re5 Rxe5 46. Nxe5 Kf6 47. Nd3
Bd2 48. Kc4 a5 49. b5 Ke6 50. Kd4 Kd6 51. Ke4 Ke6 52. f4 Kd6 53. f5 Bc3 54. Nf4
Kc5 55. Nd5 Bg7 56. f6 Bf8 57. Ke5 Kc4 58. Nxb6+ Kb4 59. f7 Bg7+ 60. Ke6 Bf8 61.
Nd7 1-0

[Event "European Blitz 2017"]
[Site "Katowice POL"]
[Date "2017.12.15"]
[Round "9.30"]
[White "Zelcic, Robert"]
[Black "Janaszak, Dawid"]
[Result "1/2-1/2"]
[WhiteTitle "GM"]
[BlackTitle "FM"]
[WhiteElo "2501"]
[BlackElo "2372"]
[WhiteFideId "14500310"]
[BlackFideId "1119206"]
[EventDate "2017.12.15"]
[EventType "blitz"]

1. e4 c5 2. Nf3 Nc6 3. d4 cxd4 4. Nxd4 g6 5. Nc3 Bg7 6. Nb3 Nf6 7. Be2 O-O 8.
O-O b6 9. Bg5 d6 10. f4 Bb7 11. Bf3 Nd7 12. Rb1 Nc5 13. Kh1 Qd7 14. Qe1 h6 15.
Bh4 Nxb3 16. axb3 Nd4 17. Bd1 e6 18. Bf2 Rac8 19. Be3 f5 20. Qd2 Nc6 21. Bf3 Ne7
22. e5 Bxf3 23. Rxf3 Rfd8 24. Rd1 d5 25. Ne2 Nc6 26. Nd4 Nxd4 27. Bxd4 Kf7 28.
b4 Qa4 29. c3 Bf8 30. Rff1 Rd7 31. Qe2 Qc6 32. Ra1 Qc4 33. Qf2 h5 34. h3 Rcc7
35. Ra3 Be7 36. Rfa1 Bf8 37. Ra6 Be7 38. Kg1 Bf8 39. Qf1 Qxf1+ 40. Kxf1 Ke8 41.
Ke2 Kd8 42. Kd3 Kc8 43. Rh1 Kb7 44. Raa1 h4 45. g4 hxg3 46. Rhg1 Rh7 47. Rxg3
Rcg7 48. Rag1 b5 49. Kc2 a6 50. Rxg6 Re7 51. R1g3 Re8 52. Rg8 Rc8 53. Bc5 Bh6
54. Rxc8 Kxc8 55. Be3 Kd7 56. Kd3 Bf8 57. Ke2 Be7 58. Kf3 Rh8 59. Bd4 Ra8 60.
Rg7 Ke8 61. Rg8+ Bf8 62. Bc5 Kf7 63. Rxf8+ Rxf8 64. Bxf8 Kxf8 65. Kg3 Kg7 66.
Kh4 Kh6 67. Kg3 Kg6 68. Kf3 Kh5 69. b3 Kh4 70. Kg2 Kh5 71. Kg3 Kg6 72. Kg2 Kh5
73. Kg3 Kg6 74. Kg2 1/2-1/2

[Event "European Blitz 2017"]
[Site "Katowice POL"]
[Date "2017.12.15"]
[Round "9.31"]
[White "Walter, Szymon"]
[Black "Schneider, Ilja"]
[Result "0-1"]
[BlackTitle "IM"]
[WhiteElo "2246"]
[BlackElo "2517"]
[WhiteFideId "1172590"]
[BlackFideId "4663306"]
[EventDate "2017.12.15"]
[EventType "blitz"]

1. e4 e5 2. Nf3 d6 3. d4 exd4 4. Nxd4 Nf6 5. Nc3 Be7 6. Be2 O-O 7. Be3 Re8 8.
O-O Bf8 9. Bf3 Nbd7 10. g3 Nc5 11. Bg5 h6 12. Bxf6 Qxf6 13. Nd5 Qd8 14. Re1 c6
15. Nc3 a5 16. Bg2 Bd7 17. a4 Qb6 18. Qd2 Rad8 19. b3 Be7 20. Rad1 Bf6 21. Nde2
Bg4 22. h3 Bxe2 23. Rxe2 Qb4 24. Nb1 Qxd2 25. Nxd2 d5 26. Rde1 d4 27. Nc4 d3 28.
cxd3 Nxd3 29. Rb1 Bc3 30. Bf1 Bb4 31. Rd1 Nc5 32. Rxd8 Rxd8 33. Re3 Bd2 34. Nxd2
Rxd2 35. Bc4 Kf8 36. Rf3 Rd7 37. Re3 Ke7 38. f4 Rd2 39. e5 Ne6 40. Rd3 Rxd3 41.
Bxd3 Nd4 42. Bc4 b5 43. axb5 cxb5 44. Bd5 Ne2+ 45. Kf2 Nc3 46. Bc6 a4 47. bxa4
bxa4 48. Ke3 a3 49. Kd4 0-1

[Event "European Blitz 2017"]
[Site "Katowice POL"]
[Date "2017.12.15"]
[Round "9.32"]
[White "Ladva, Ottomar"]
[Black "Wiewiora, Eneasz"]
[Result "1/2-1/2"]
[WhiteTitle "GM"]
[BlackTitle "FM"]
[WhiteElo "2522"]
[BlackElo "2320"]
[WhiteFideId "4500024"]
[BlackFideId "1140396"]
[EventDate "2017.12.15"]
[EventType "swiss"]

1. Nf3 Nf6 2. d4 d5 3. Bf4 e6 4. e3 Bd6 5. Bg3 O-O 6. Nbd2 b6 7. c3 Bb7 8. Bd3
Ne4 9. O-O f5 10. Bxd6 cxd6 11. c4 Nd7 12. cxd5 Bxd5 13. Bc4 Bxc4 14. Nxc4 Ndf6
15. a4 Qe8 16. Qb3 Nd5 17. a5 b5 18. Ncd2 Nef6 19. a6 Rb8 20. Rfc1 Rb6 21. h3
Qh5 22. Qd3 g5 23. Nh2 g4 24. hxg4 Nxg4 25. Nxg4 Qxg4 26. Qf1 h5 27. Qd1 Kg7 28.
Qxg4+ hxg4 29. Nb1 b4 30. Nd2 Rfb8 31. Kf1 Kf6 32. Ke2 Rh8 33. g3 Ke7 34. Nc4
Rc6 35. Na5 Rxc1 36. Rxc1 Kd7 37. Rc4 Rb8 38. Nb7 Rh8 39. Rc1 Rh7 40. Na5 Rh8
41. Kd3 Rh2 42. Rc2 b3 43. Rd2 Nb4+ 44. Kc4 Nxa6 45. Kxb3 Nc7 46. Kc4 Nd5 47.
Kd3 Rh1 48. b3 Rc1 49. Nc4 Rc3+ 50. Ke2 Rxb3 51. Rc2 Nc3+ 52. Kf1 Ne4 53. Ra2
Rb7 54. Kg2 Nc3 55. Ra6 Ne4 56. Kf1 Kc7 57. Kg2 Kd7 58. Ra2 Kc7 59. Ra6 Kd7 60.
Ra2 Nc3 61. Ra6 Nb5 62. Ra1 Nc7 63. Rh1 Rb5 64. Ra1 a6 65. Ra2 Kc6 66. Na5+ Kb6
67. Nc4+ Kc6 68. Na5+ Kd7 69. Nc4 Kc6 70. Na5+ Kd5 71. Ra3 Ne8 72. Nb3 1/2-1/2

[Event "European Blitz 2017"]
[Site "Katowice POL"]
[Date "2017.12.15"]
[Round "9.33"]
[White "Nestorenko, Dmitry"]
[Black "Bartel, Mateusz"]
[Result "0-1"]
[BlackTitle "GM"]
[WhiteElo "2253"]
[BlackElo "2609"]
[WhiteFideId "14129728"]
[BlackFideId "1112635"]
[EventDate "2017.12.15"]
[EventType "blitz"]

1. e4 e6 2. d4 d5 3. Nd2 Be7 4. c3 Nf6 5. e5 Nfd7 6. f4 c5 7. Ndf3 f5 8. g3 b6
9. Bd3 Ba6 10. Ne2 Bxd3 11. Qxd3 c4 12. Qc2 b5 13. a4 b4 14. b3 cxb3 15. Qxb3
Nc6 16. Bd2 Rb8 17. c4 Na5 18. Qb1 Nxc4 19. a5 Nxa5 20. Qa2 Nc4 21. Qxa7 O-O 22.
O-O Ndb6 23. Rab1 Qd7 24. Qa2 Ra8 25. Qc2 Na3 26. Qd1 Nxb1 27. Qxb1 Nc4 28. Bxb4
Rfb8 0-1

[Event "European Blitz 2017"]
[Site "Katowice POL"]
[Date "2017.12.15"]
[Round "9.34"]
[White "Dvirnyy, Danyyil"]
[Black "Kreisl, Robert"]
[Result "1-0"]
[WhiteTitle "GM"]
[BlackTitle "IM"]
[WhiteElo "2532"]
[BlackElo "2440"]
[WhiteFideId "817570"]
[BlackFideId "1613880"]
[EventDate "2017.12.15"]
[EventType "blitz"]

1. Nf3 g6 2. e4 Bg7 3. d4 d6 4. Bd3 Nf6 5. c3 O-O 6. O-O Nc6 7. h3 e5 8. Re1 Re8
9. Na3 Nh5 10. Bg5 f6 11. Bd2 Nf4 12. Bxf4 exf4 13. b4 g5 14. Nd2 Be6 15. Bc4
Bxc4 16. Naxc4 d5 17. exd5 Qxd5 18. Qf3 Qxf3 19. gxf3 b5 20. Nb2 Ne7 21. a4 Nd5
22. Ne4 h6 23. Rec1 f5 24. Nc5 a5 25. bxa5 b4 26. cxb4 Bxd4 27. Nbd3 Reb8 28.
Rab1 Nc3 29. Rxc3 Bxc3 30. a6 c6 31. b5 cxb5 32. axb5 Ba5 33. Nd7 Rd8 34. N3e5
Bc7 35. Rc1 Bxe5 36. Nxe5 Rd5 37. b6 Rxa6 38. b7 Rb6 39. Rc8+ Kg7 40. Rc7+ Kg8
41. Nd7 Rb1+ 42. Kg2 Rdb5 43. Rc8+ Kf7 44. b8=Q Rxb8 45. Nxb8 h5 46. Nc6 g4 47.
Nd4 Kf6 48. Rc5 gxh3+ 49. Kxh3 Rd1 50. Rxf5+ Kg6 51. Rd5 h4 52. Ne2 Rb1 1-0

[Event "European Blitz 2017"]
[Site "Katowice POL"]
[Date "2017.12.15"]
[Round "9.35"]
[White "Mohr, Georg"]
[Black "Rocha, Sergio"]
[Result "0-1"]
[WhiteTitle "GM"]
[BlackTitle "IM"]
[WhiteElo "2473"]
[BlackElo "2370"]
[WhiteFideId "14600013"]
[BlackFideId "1900404"]
[EventDate "2017.12.15"]
[EventType "blitz"]

1. d4 Nf6 2. Nf3 g6 3. g3 Bg7 4. b3 O-O 5. Bb2 d6 6. Bg2 c6 7. O-O a5 8. a4 Na6
9. Nc3 Bf5 10. Re1 Qc8 11. e4 Bh3 12. Bh1 Nb4 13. e5 Nfd5 14. Ne4 dxe5 15. dxe5
Rd8 16. Qe2 Bf5 17. Rad1 Bxe4 18. Qxe4 Qf5 19. Qxf5 gxf5 20. Nd4 e6 21. c3 Na6
22. Rb1 Bf8 23. Ba1 Bc5 24. Nc2 Ne7 25. Red1 Kf8 26. Kf1 Ke8 27. Ke2 Rd7 28.
Rxd7 Kxd7 29. Rd1+ Kc7 30. f4 h5 31. Bf3 h4 32. gxh4 Ng6 33. Ne1 Nxf4+ 34. Kf1
Rh8 35. Ng2 Ng6 36. h5 Nxe5 37. Be2 Ng4 38. h3 Nf6 39. c4 Rh6 40. Bxf6 Rxf6 41.
Ne1 Be3 42. Nc2 Bh6 43. Rd3 Nc5 44. Rg3 f4 45. Rg8 f3 46. Bd1 e5 47. Kf2 e4 48.
Re8 Rd6 49. Bxf3 Rd2+ 50. Kg3 exf3 51. Ne3 Bxe3 52. Rxe3 f2 53. Rf3 Ne4+ 54. Kf4
f5 55. Kxf5 f1=Q 0-1

[Event "European Blitz 2017"]
[Site "Katowice POL"]
[Date "2017.12.15"]
[Round "9.36"]
[White "Meissner, Felix"]
[Black "Trent, Lawrence"]
[Result "0-1"]
[WhiteTitle "FM"]
[BlackTitle "IM"]
[WhiteElo "2333"]
[BlackElo "2436"]
[WhiteFideId "24671827"]
[BlackFideId "408638"]
[EventDate "2017.12.15"]
[EventType "blitz"]

1. e4 g6 2. d4 Bg7 3. Nf3 d6 4. Bc4 c6 5. Bb3 Nf6 6. Qe2 O-O 7. O-O d5 8. Nc3
Bg4 9. e5 Ne8 10. h3 Bxf3 11. Qxf3 Nc7 12. Ne2 Ne6 13. c3 Nd7 14. Nf4 Nxf4 15.
Bxf4 e6 16. a4 c5 17. a5 Qe7 18. Qe3 cxd4 19. cxd4 Rac8 20. Rfc1 Nb8 21. Rxc8
Rxc8 22. Rc1 Qd7 23. Kh2 Rxc1 24. Qxc1 Qc6 25. Qd2 Qb5 26. Bd1 Nc6 27. Be2 Qxa5
28. Qc2 Qb4 29. Be3 Bf8 30. Qd3 Qxb2 31. f4 a5 32. f5 exf5 33. Bf3 Nb4 34. Qb5
Qc3 35. Bf2 Nd3 36. Bxd5 Nf4 37. Bb3 Qd2 38. Kg3 Nh5+ 39. Kf3 Qc3+ 40. Ke2 Nf4+
41. Kf1 Qc1+ 42. Be1 Qe3 43. Bf2 Qc1+ 44. Be1 a4 45. Bc4 Qc2 46. Bf2 Qd1+ 47.
Be1 Qxd4 48. e6 Nxe6 49. Qxa4 Qf4+ 50. Kg1 Bc5+ 0-1